[Event "RN-2014-0-00753"]
[Site "LSS email"]
[Date "2014.01.15"]
[Round "?"]
[White "Zorlu, Ozgur Deniz"]
[Black "Kramskoi, Vasyl"]
[Result "0-1"]
[WhiteElo "800"]
[BlackElo "1049"]
[PlyCount "35"]
[EventDate "2014.01.05"]
[EventType "tourn (corr)"]
[EventRounds "6"]
[EventCountry "GER"]
[SourceTitle "Telechess CBM 167"]
[Source "ChessBase"]
[SourceDate "2015.07.13"]
[SourceVersion "1"]
[SourceVersionDate "2015.07.13"]
[SourceQuality "1"]

1. Nf3 c5 2. e4 e6 3. d4 cxd4 4. Nxd4 a6 5. c4 Nf6 6. Nc3 Bb4 7. Bd3 Bxc3+ 8. bxc3 Qa5 9. 0-0 Qxc3 10. Be3 d6 11. Rc1 Qa5 12. c5 dxc5 13. Nb3 Qxa2 14. Bxc5 Nc6 15. f4 Ne7 16. Ra1 Qb2 17. Bd4 Qxa1 18. Qxa1 0-1

[Event "OP-2014-0-03228"]
[Site "LSS email"]
[Date "2014.01.08"]
[Round "?"]
[White "Zorlu, Ozgur Deniz"]
[Black "Schalkwijk, Peter H"]
[Result "0-1"]
[WhiteElo "800"]
[BlackElo "1482"]
[PlyCount "94"]
[EventDate "2014.01.05"]
[EventType "tourn (corr)"]
[EventRounds "4"]
[EventCountry "GER"]
[SourceTitle "Telechess CBM 167"]
[Source "ChessBase"]
[SourceDate "2015.07.13"]
[SourceVersion "1"]
[SourceVersionDate "2015.07.13"]
[SourceQuality "1"]

1. d4 Nf6 2. c4 d6 3. Nc3 Bf5 4. Nf3 Nbd7 5. Bf4 e6 6. e3 Be7 7. Be2 h6 8. h4 0-0 9. 0-0 Ne4 10. Nxe4 Bxe4 11. Nd2 Bh7 12. h5 Bf6 13. Nf3 e5 14. dxe5 dxe5 15. Bg3 Qe7 16. Qd2 Nc5 17. Rad1 Ne4 18. Qd7 Nxg3 19. fxg3 Qc5 20. Kf2 e4 21. Nd4 Qg5 22. Qg4 Qa5 23. Qd7 a6 24. Qd5 Qb4 25. Nb3 b6 26. Qc6 a5 27. Kg1 Rad8 28. Rxd8 Bxd8 29. Bd1 Qe7 30. Nd4 Qe5 31. Kf2 Bg5 32. Qd5 Qe8 33. Nc6 Kh8 34. a3 Bg8 35. Ne5 Qe7 36. Nd7 Rd8 37. Bg4 Bh7 38. Bh3 Rxd7 39. Bxd7 Qf6+ 40. Ke1 Qxb2 41. Qa8+ Bg8 42. Qxe4 Qxa3 43. Kf2 a4 44. Kf3 Qa2 45. Bf5 Qa3 46. Bd7 Qb4 47. c5 Qxc5 0-1